Sudden Death Soccer players - Statistics

General Stats
  • This quiz has been taken 184 times
  • The average score is 9 of 10
Answers on the Grid
Answers color-coded by a green-red scale on the quiz's grid according to % correct below.
Messi
Mike Tyson
Di Stefano
Cruyff
Ronaldihno
Lara Croft
Jake paul
Thanos
Samu
Speed
R9
Bill Crosby
Mbappe
Ronaldo
Muller
Platini
 
Answer Stats
Answer % Correct
Messi
100%
Ronaldihno
98%
Cruyff
96%
Mbappe
95%
Ronaldo
95%
Muller
92%
Di Stefano
90%
Platini
89%
R9
85%
Samu
65%
No matching quizzes found
Score Distribution
Percent of People with Each Score
Percentile by Number Answered
Your Score History
You have not taken this quiz